Welcome to the Holygrace Academy Library

Please use search bar below to get started

FOREST HOME (Record no. 7414)

MARC details
000 -LEADER
fixed length control field 00266nam a22001217a 4500
082 ## - DEWEY DECIMAL CLASSIFICATION NUMBER
Classification number 823
Item number BIA/F
100 ## - MAIN ENTRY--AUTHOR NAME
Personal name BIANKI, VITALY
245 ## - TITLE STATEMENT
Title FOREST HOME
260 ## - PUBLICATION, DISTRIBUTION, ETC. (IMPRINT)
Place of publication MOSCOW
Name of publisher RADHUYA PUBLICATIONS
Year of publication 1988
300 ## - PHYSICAL DESCRIPTION
Number of Pages 46
650 ## - SUBJECT ADDED ENTRY--TOPICAL TERM
Topical Term ENGLISH STORY
Geographic subdivision MOSCOW
942 ## - ADDED ENTRY ELEMENTS (KOHA)
Koha item type Books
Holdings
Withdrawn status Lost status Collection code Home library Current library Date acquired Source of acquisition Full call number Accession Number Koha item type
Withdrawn Damaged Item Fiction Main Library Main Library 08/05/2006 purchase 823 BIA/F 00478 Books